Высшая математика: учебное пособие для вузов

מידע ביבליוגרפי
מחבר ראשי: Кастрица О. А. Олег Адамович
סיכום:Пособие в полном объеме содержит теоретический материал, соответствующий программе дисциплины «Высшая математика» для экономических специальностей. Включенные в пособие примеры иллюстрируют экономический смысл математических понятий и технику использования математического аппарата при решении практических задач. Большое число упражнений, снабженных ответами, позволяет использовать данное пособие при самостоятельном изучении математики. Для студентов и преподавателей экономических специальностей высших учебных заведений. Может быть полезно учащимся средних специальных учебных заведений.
שפה:רוסית
יצא לאור: Минск, Новое знание, 2005
סדרה:Экономическое образование
נושאים:
פורמט: ספר
KOHA link:https://koha.lib.tpu.ru/cgi-bin/koha/opac-detail.pl?biblionumber=190670

MARC

LEADER 00000nam0a2200000 4500
001 190670
005 20231101224310.0
010 |a 985475149Х 
035 |a (RuTPU)RU\TPU\book\207847 
090 |a 190670 
100 |a 20110127d2005 m y0rusy50 ca 
101 0 |a rus 
102 |a BY 
105 |a a j 001zy 
200 1 |a Высшая математика  |e учебное пособие для вузов  |f О. А. Кастрица 
210 |a Минск  |c Новое знание  |d 2005 
215 |a 491 с.  |c ил. 
225 1 |a Экономическое образование 
320 |a Библиогр.: с. 474. 
320 |a Предм. указ.: с. 475-482. 
330 |a Пособие в полном объеме содержит теоретический материал, соответствующий программе дисциплины «Высшая математика» для экономических специальностей. Включенные в пособие примеры иллюстрируют экономический смысл математических понятий и технику использования математического аппарата при решении практических задач. Большое число упражнений, снабженных ответами, позволяет использовать данное пособие при самостоятельном изучении математики. Для студентов и преподавателей экономических специальностей высших учебных заведений. Может быть полезно учащимся средних специальных учебных заведений. 
606 1 |a Математика высшая  |2 stltpush  |3 (RuTPU)RU\TPU\subj\3986  |9 32308 
610 1 |a учебные пособия 
610 1 |a числа 
610 1 |a множества 
610 1 |a линейная алгебра 
610 1 |a аналитическая геометрия 
610 1 |a последовательности 
610 1 |a пределы 
610 1 |a непрерывность 
610 1 |a дифференцируемость 
610 1 |a первообразная величина 
610 1 |a интегралы 
610 1 |a функции нескольких переменных 
610 1 |a ряды 
610 1 |a дифференциальные уравнения 
675 |a 51(075.8)  |v 3 
700 1 |a Кастрица  |b О. А.  |g Олег Адамович 
801 1 |a RU  |b 63413507  |c 20110127 
801 2 |a RU  |b 63413507  |c 20110207  |g RCR 
942 |c BK